000 01007nam a22002057a 4500
999 _c62982
_d62982
003 Ge_BSU
005 20250422161315.0
008 250422b xxu||||| |||| 00| 0 geo d
020 _a9789994098439
041 _ageo
080 _a63(075) კ-25
100 _aკარბელაშვილი, ზურაბ
_924893
245 _aბიომეურნეობის საფუძვლები :
_b დამხმ. სახელმძღვ. ფერმერთათვის /
_cზურაბ კარბელაშვილი ; [სარედ. კოლ.: მარიამ ჯორჯაძე და სხვ.].
264 _a[თბ.],
_b[ელკანა],
_c2009.
300 _a88 გვ. :
_bილ. ;
_c30 სმ.
504 _aბიბლიოგრ.: გვ. 88.
653 _aბიომეურნეობა
700 _aჯორჯაძე, მარიამ და სხვ.
_eრედაქტორი
_924894
942 _2udc
_cᲬᲘᲒᲜᲘ